Rajasthan trade union regulations, 1959 (Record no. 496569)

000 -LEADER
fixed length control field 00347cam a22001097a 4500
008 - FIXED-LENGTH DATA ELEMENTS--GENERAL INFORMATION
fixed length control field 180718b1959 xxu||||| |||| 00| 0 eng d
082 ## - DEWEY DECIMAL CLASSIFICATION NUMBER
Classification number R803x5434 R137r
245 ## - TITLE STATEMENT
Title Rajasthan trade union regulations, 1959
Statement of responsibility, etc. by Industries Department
260 ## - PUBLICATION, DISTRIBUTION, ETC.
Place of publication, distribution, etc. Jaipur
Name of publisher, distributor, etc. Government Central Press
Date of publication, distribution, etc. 1959
300 ## - PHYSICAL DESCRIPTION
Extent 17p
700 ## - ADDED ENTRY--PERSONAL NAME
Personal name Rajasthan. Industries Department
Holdings
Withdrawn status Lost status Damaged status Not for loan Permanent Location Current Location Date acquired Full call number Barcode Date last seen Price effective from Koha item type
        Indian Institute of Public Administration Indian Institute of Public Administration 2018-08-04 R803x5434 R137r G2238 2018-08-04 2018-08-04 G

Powered by Koha